000 00731nam a2200253Ia 4500
003 OSt
005 20221005024928.0
006 a|||||r|||| 00| 0
007 ta
008 221004b |||||||| |||| 00| 0 ara d
020 _a988160256X (pbk)
_c275
024 _a116599
037 _b389, 23/03/2012, Nadwi Publications
_cTextual
040 _aCRL
_cCRL
_bara
041 _2ara
_aara
082 _aO28:g, N7
100 _aSharf Abdul Azeez Au.
_9581225
245 0 _aAdabul maqalah
260 _aCairo
_bLongman
_c1997
300 _a178p.
_ccm.
650 _aARABIC LITERATURE
942 _hO28:g, N7
_cTEXL
_2cc
999 _c933717
_d933717